00501nam a2200193 a 4500001001300000003000900013005001700022008004100039020002600080082001600106100002000122245001800142260004800160300000900208500003500217505001000252650002500262700002000287nice12345678IN_TiNIC20260116013223.0050524s0000 gera grp 000 0 eng  a3822821 c389.3500a722.07bSTI aStierlin, Henri aIslamic India aGermanybBebedikt Taschen Verlag Gmbhc0000 a190p aincludes index and biblioraphy2 aIndex aIslamic-Architecture1 aStierlin, Henri